|
|
|
|
| LEADER |
01012nam a2200265 4500 |
| 001 |
c000036710 |
| 003 |
CARM |
| 005 |
00000000000000.0 |
| 008 |
740401s1972 tr bs 00010 eng |
| 019 |
1 |
|
|a 322279
|5 LACONCORD2021
|
| 020 |
|
|
|a 0582785146
|
| 035 |
|
|
|a (OCoLC)1065410
|5 LACONCORD2021
|
| 043 |
|
|
|a nw-----
|
| 050 |
0 |
0 |
|a JS1853.A8
|b S53
|
| 100 |
1 |
|
|a Singh, Paul G.
|
| 245 |
1 |
0 |
|a Local democracy in the Commonwealth Caribbean;
|b a study of adaptation and growth
|c [by] Paul G. Singh.
|
| 260 |
|
|
|a [Port of Spain, Trinidad and Tobago]
|b Longman Caribbean
|c [1972]
|
| 300 |
|
|
|a x, 146 p.
|c 22 cm.
|
| 504 |
|
|
|a Bibliography: p. [138]-146.
|
| 650 |
|
0 |
|a Local government
|z West Indies, British.
|
| 650 |
|
0 |
|a Local finance
|z West Indies, British.
|
| 852 |
8 |
|
|b CARM
|h A2:AD37C0
|i B01281
|p 0068556
|f BK
|
| 082 |
0 |
4 |
|a 352.0729
|
| 999 |
f |
f |
|i 2f94faa5-f657-5993-bab6-b2e3a99c8da9
|s cf74d1c9-ffd8-5598-bf32-68581855b553
|
| 952 |
f |
f |
|p Can circulate
|a CAVAL
|b CAVAL
|c CAVAL
|d CARM 1 Store
|e B01281
|f A2:AD37C0
|h Other scheme
|i book
|m 0068556
|